000 00607nam a2200277Ia 4500
005 20260401122055.0
008 008 250103s9999 xx 000 0 eng d
020 _a0-19-874280-0
037 _aTB
040 _aEDL
040 _beng
040 _cEDL
041 _2eng
041 _aeng
084 _a791.437 HIL
084 _qEDL
100 _aHill, Jhon
_91232518
245 0 _aFilm Studies: Critical Approaches
245 0 _cHill, Jhon
260 _aOxford
260 _bOxford
942 _cTB
942 _h791.437 HIL
999 _c1844736
_d1844736